[Event "Joao Pessoa Fischer Memorial 9th"]
[Site "Joao Pessoa"]
[Date "2018.03.17"]
[Round "3"]
[White "Oliveira, Olavo Tadeu Carvalh"]
[Black "Marques, Dayvid Geverson Lop"]
[Result "0-1"]
[WhiteElo "1662"]
[BlackElo "1531"]
[PlyCount "76"]
[EventDate "2018.03.16"]
[EventType "swiss"]
[EventRounds "6"]
[EventCountry "BRA"]
[SourceTitle "CBM 183 Extra"]
[Source "ChessBase"]
[SourceDate "2018.04.19"]
[SourceVersion "1"]
[SourceVersionDate "2018.04.19"]
[SourceQuality "1"]

1. e4 c5 2. Nc3 d6 3. f4 Nc6 4. Nf3 Nf6 5. Bc4 e6 6. 0-0 Be7 7. e5 dxe5 8. fxe5 Nd5 9. d4 cxd4 10. Nxd4 Nxe5 11. Re1 Nxc4 12. Qd3 Ncb6 13. Bd2 0-0 14. Qg3 Bh4 15. Qf3 Bxe1 16. Rxe1 Qf6 17. Qxf6 Nxf6 18. b3 Nbd5 19. Nxd5 Nxd5 20. Rf1 b6 21. Rf3 Bb7 22. Rg3 Kh8 23. Ne2 Rac8 24. c4 Nf6 25. Bc3 Rfd8 26. Bxf6 gxf6 27. Nf4 Rg8 28. Rxg8+ Rxg8 29. Nh5 Rxg2+ 30. Kf1 Rxh2 31. Nxf6 Rxa2 32. Ne8 f5 33. Nc7 e5 34. Ke1 h5 35. Kf1 h4 36. Kg1 h3 37. Kf1 h2 38. Ke1 h1Q# 0-1

[Event "Natal Potiguar op"]
[Site "Natal"]
[Date "2017.06.04"]
[Round "6"]
[White "Baltar, Petrov Ferreira"]
[Black "Marques, Dayvid Geverson Lop"]
[Result "1-0"]
[WhiteElo "1689"]
[BlackElo "1539"]
[PlyCount "55"]
[EventDate "2017.06.02"]
[EventType "swiss"]
[EventRounds "6"]
[EventCountry "BRA"]
[SourceTitle "EXT 2018"]
[Source "ChessBase"]
[SourceDate "2017.10.13"]
[SourceVersion "1"]
[SourceVersionDate "2017.10.13"]
[SourceQuality "1"]

1. d4 d5 2. Bf4 Nf6 3. e3 Bf5 4. Nc3 c6 5. Bd3 Bxd3 6. cxd3 e6 7. a3 Bd6 8. Nge2 0-0 9. 0-0 Qc7 10. Rc1 a6 11. Na4 Bxf4 12. Nxf4 Nbd7 13. b4 e5 14. dxe5 Nxe5 15. h3 Nfd7 16. Nxd5 Qd6 17. Nf4 Ng6 18. Nxg6 fxg6 19. Nc5 Nxc5 20. Rxc5 Qf6 21. Qc2 h5 22. d4 g5 23. a4 Rae8 24. b5 axb5 25. axb5 cxb5 26. Rxb5 Rxe3 27. Qc4+ Kh8 28. fxe3 1-0

[Event "Natal Potiguar op"]
[Site "Natal"]
[Date "2017.06.04"]
[Round "5"]
[White "Marques, Dayvid Geverson Lop"]
[Black "Pereira, Wilson Roberto De M"]
[Result "1/2-1/2"]
[WhiteElo "1539"]
[BlackElo "1825"]
[PlyCount "43"]
[EventDate "2017.06.02"]
[EventType "swiss"]
[EventRounds "6"]
[EventCountry "BRA"]
[SourceTitle "EXT 2018"]
[Source "ChessBase"]
[SourceDate "2017.10.13"]
[SourceVersion "1"]
[SourceVersionDate "2017.10.13"]
[SourceQuality "1"]

1. d4 d5 2. c4 e6 3. Nf3 Nf6 4. Bf4 b6 5. e3 Bb7 6. Be2 Be7 7. h3 Nbd7 8. 0-0 0-0 9. Nc3 a6 10. a3 c5 11. Rc1 Rc8 12. cxd5 exd5 13. Bd3 c4 14. Bb1 Re8 15. Re1 Bf8 16. Nd2 b5 17. f3 Nb6 18. Bf5 Ra8 19. Bb1 Rc8 20. Bf5 Ra8 21. Bb1 Rc8 22. Bf5 1/2-1/2

[Event "Potiguar-ch sf"]
[Site "Natal"]
[Date "2016.09.17"]
[Round "4.8"]
[White "Macedo, Alexandre Soares"]
[Black "Marques, Dayvid Geverson Lop"]
[Result "1-0"]
[WhiteElo "1838"]
[BlackElo "1554"]
[PlyCount "66"]
[EventDate "2016.09.16"]
[EventType "swiss"]
[EventRounds "6"]
[EventCountry "BRA"]
[SourceTitle "EXT 2022"]
[Source "ChessBase"]
[SourceDate "2021.10.06"]
[SourceVersion "1"]
[SourceVersionDate "2021.10.06"]
[SourceQuality "1"]

1. b4 e5 2. Bb2 d6 3. g3 Nf6 4. Bg2 Be7 5. a3 0-0 6. c4 Nbd7 7. Nf3 c5 8. Nc3 Rb8 9. b5 b6 10. d3 Bb7 11. e4 Re8 12. 0-0 Nf8 13. Bh3 Bc8 14. Bxc8 Rxc8 15. Nd2 Qd7 16. Kg2 Ng6 17. a4 Qe6 18. a5 Ra8 19. Qe2 Reb8 20. Ra2 Bd8 21. Nb3 Nd7 22. f4 exf4 23. gxf4 Nh4+ 24. Kh1 Qh3 25. Rg1 g6 26. f5 Qf3+ 27. Qxf3 Nxf3 28. Rg3 Nfe5 29. Nd5 Rc8 30. f6 h5 31. Bc3 h4 32. Rh3 g5 33. Rg2 Kh7 1-0

[Event "Natal Academia Potiguar 18th"]
[Site "Natal"]
[Date "2015.11.14"]
[Round "2.3"]
[White "Marques, Dayvid Geverson Lop"]
[Black "Do Nascimento, Igor Oliveira"]
[Result "1/2-1/2"]
[WhiteElo "1541"]
[BlackElo "1497"]
[PlyCount "77"]
[EventDate "2015.11.13"]
[EventType "tourn"]
[EventRounds "9"]
[EventCountry "BRA"]
[SourceTitle "EXT 2022"]
[Source "ChessBase"]
[SourceDate "2021.10.06"]
[SourceVersion "1"]
[SourceVersionDate "2021.10.06"]
[SourceQuality "1"]

1. e4 e5 2. Nf3 Nc6 3. Bb5 a6 4. Ba4 Nf6 5. d3 Be7 6. c3 d6 7. 0-0 0-0 8. Bg5 h6 9. Be3 b5 10. Bc2 Be6 11. d4 exd4 12. cxd4 d5 13. Nbd2 dxe4 14. Nxe4 Nd5 15. Bc1 Nf6 16. Nxf6+ Bxf6 17. Qd3 Re8 18. Rd1 Nb4 19. Qh7+ Kf8 20. a3 Nxc2 21. Qxc2 Kg8 22. Bf4 Re7 23. Rac1 Rc8 24. Ne5 Bxe5 25. Bxe5 Rd7 26. Qc3 c5 27. Rd2 f6 28. Bg3 Rxd4 29. Rxd4 Qxd4 30. Qxd4 cxd4 31. Rxc8+ Bxc8 32. Kf1 Bf5 33. Bd6 Kf7 34. Ke2 Bc2 35. Bb4 d3+ 36. Ke3 g5 37. g3 Ke6 38. Bf8 h5 39. Bb4 1/2-1/2